| 000 | 00911nam a2200253Ia 4500 | ||
|---|---|---|---|
| 003 | OSt | ||
| 005 | 20220923211544.0 | ||
| 006 | a|||||r|||| 00| 0 | ||
| 007 | ta | ||
| 008 | 220922b |||||||| |||| 00| 0 pan d | ||
| 020 |
_a9789383837985 (hbk) _c395 |
||
| 024 | _a349,240 | ||
| 037 |
_b177, 15/02/2019, National Book Shop _cTextual |
||
| 040 |
_aARTS _cARTS _bpan |
||
| 041 |
_2pan _apan |
||
| 082 | _aNW4443wNJA, 153Q9 | ||
| 100 | _aਗਿੱਲ, ਹਰਦੀਪ, ਥਦ. | ||
| 245 | 0 |
_aਹੱਸਦਾ ਹਸਾਉ੍ਵਦਾ ਅੱਥਰੂ _b ਹਰਭਜਨ ਜੱਬਲ |
|
| 260 |
_aਚੰਡੀਗੜ੍ਹ _b ਲੋਕਗੀਤ ਪ੍ਰਕਾFਨ _c2019 |
||
| 300 |
_a215ਪ0 _ccm. |
||
| 650 |
_aਸਿਨੇਮਾ _9156320 |
||
| 942 |
_hNW4443wNJA, 153Q9 _cTEXL _2CC |
||
| 999 |
_c300740 _d300740 |
||